Methods for development work and research : (Record no. 22057)
[ view plain ]
| 000 -LEADER | |
|---|---|
| fixed length control field | 00674cam a22001934a 4500 |
| 020 ## - INTERNATIONAL STANDARD BOOK NUMBER | |
| ISBN | 0761933271 (hard back) |
| 020 ## - INTERNATIONAL STANDARD BOOK NUMBER | |
| ISBN | 076193328X (paper back) |
| 040 ## - CATALOGING SOURCE | |
| Transcribing agency | DLC |
| 082 00 - DEWEY DECIMAL CLASSIFICATION NUMBER | |
| Classification number | 330 COM 2000 C336 Or. |
| 100 1# - MAIN ENTRY--AUTHOR NAME | |
| Personal name | Mikkelsen, Britha. |
| 245 10 - TITLE STATEMENT | |
| Title | Methods for development work and research : |
| Remainder of title | a new guide for practitioners / |
| 250 ## - EDITION STATEMENT | |
| Edition statement | 2nd ed. |
| 260 ## - PUBLICATION, DISTRIBUTION, ETC. (IMPRINT) | |
| Place of publication | New Delhi ; |
| -- | Thousand Oaks, Calif. : |
| Name of publisher | SAGE Publications, |
| Year of publication | 2005. |
| 300 ## - PHYSICAL DESCRIPTION | |
| Number of Pages | 373 p. : |
| Other physical details | ill. ; |
| Dimensions | 25 cm. |
| 650 #0 - SUBJECT ADDED ENTRY--TOPICAL TERM | |
| Topical Term | Economic development |
| 856 41 - ELECTRONIC LOCATION AND ACCESS | |
| Uniform Resource Identifier | http://www.loc.gov/catdir/toc/ecip054/2004028917.html |
| 856 42 - ELECTRONIC LOCATION AND ACCESS | |
| Uniform Resource Identifier | http://www.loc.gov/catdir/enhancements/fy0658/2004028917-d.html |
| 942 ## - ADDED ENTRY ELEMENTS (KOHA) | |
| Koha item type | ADB |
No items available.